| 000 | 01829nam a22002537a 4500 | ||
|---|---|---|---|
| 003 | Uzh_bibl | ||
| 008 | 260429b |||||||| |||| 00| 0 ukr d | ||
| 020 | _c0.65 | ||
| 040 | _aукр. | ||
| 041 |
_2ukr _aukr |
||
| 080 | _a821(477) | ||
| 090 |
_a821(477) _bМ 99 |
||
| 100 | _aМ'ястківський, Андрій | ||
| 245 |
_aІванів вогонь _hТекст |
||
| 260 |
_aКиїв _bРадянський письменник _c1983 |
||
| 300 |
_a134 с. _fВ опр. |
||
| 520 | _aУ новій збірці українського радянського поета – солдатська лірика. Поет згадує важкі фронтові дороги, побратимів по зброї, оспівує перемогу нашого народу у Дргій світовій війні. Любов до Батьківщини, відчуття нерозривних зв’язків минулого і сучасного, невмирущість подвигу радянських воїнів-визволителів – лейтмотив цієї книжки. В окремих розділах представлені вірші про рідний Київ, про Молдавію. | ||
| 521 | _aДля широкого кола читачів | ||
| 546 | _aукр. | ||
| 650 |
_aЛітературно-художнє видання _yПеріод Друга світова війна та післявоєнні роки (спогади) _zФронтові дороги, Україна (зокрема Київ), Молдавія |
||
| 653 |
_aВійна _aПам’ять _aПеремога _aБатьківщина _aПобратими |
||
| 655 |
_aПоезія (солдатська, воєнно-патріотична лірика) _vПоезії |
||
| 942 |
_2udc _cBK |
||
| 999 |
_c17566 _d17566 |
||